Theory of maqasid and social sciences /
Saved in:
| Main Author: | |
|---|---|
| Format: | Thesis |
| Language: | English |
| Published: |
Petaling Jaya :
International Islamic University Malaysia,
1994
|
| Subjects: | |
| Online Access: | http://studentrepo.iium.edu.my/handle/123456789/9739 |
| Tags: |
Add Tag
No Tags, Be the first to tag this record!
|
| LEADER | 015630000a22003490004500 | ||
|---|---|---|---|
| 001 | 117264 | ||
| 005 | 20100113123200.0 | ||
| 008 | 960411s1994 my 000 0 eng | ||
| 035 | |a 378825 | ||
| 035 | |a (Sirsi) 117264 | ||
| 040 | |a UIAM |b eng | ||
| 049 | |b m | ||
| 050 | |a HN40.I8 | ||
| 100 | 1 | |a Benaouda, Bensaid | |
| 245 | 1 | 0 | |a Theory of maqasid and social sciences / |c Bensaid Benaouda |
| 260 | 1 | |a Petaling Jaya : |b International Islamic University Malaysia, |c 1994 | |
| 300 | |a 165 p. | ||
| 502 | |a Thesis (M.A)--International Islamic University Malaysia, 1994 | ||
| 596 | |a 1 | ||
| 600 | 4 | |a Al Isma'il, Nabil ibn Muhammad Ibrahim | |
| 650 | 0 | |a Sociology, Islamic | |
| 650 | 0 | |a Islam |x Social aspects | |
| 650 | 0 | |a Islam and social problems | |
| 655 | 0 | 7 | |a Theses, IIUM local |
| 690 | 0 | |a Dissertations, Academic |x Department of Sociology and Anthropology |z IIUM | |
| 710 | 2 | |a International Islamic University Malaysia. |b Department of Sociology and Anthropology | |
| 856 | 4 | |u http://studentrepo.iium.edu.my/handle/123456789/9739 | |
| 900 | |a amag-sa | ||
| 999 | |c 430863 |d 462354 | ||
| 952 | |0 0 |6 LU T HN 40 I8 B456T 1994 |7 0 |8 THESES |9 750355 |a IIUM |b IIUM |c CLOSEACCES |g 0.00 |o lu t HN 40 I8 B456T 1994 |p 00010981434 |r 2017-10-25 |t 1 |v 0.00 |y THESIS | ||
| 952 | |0 0 |6 LU T HN 40 I8 B456T 1994 |7 0 |8 THESES |9 750356 |a IIUM |b IIUM |c CLOSEACCES |g 0.00 |o lu t HN 40 I8 B456T 1994 |p 00000378828 |r 2017-10-25 |t 2 |v 0.00 |y THESIS | ||
| 952 | |0 0 |6 T HN 40 I8 B456T 1994 |7 0 |8 THESES |9 750357 |a IIUM |b IIUM |c MULTIMEDIA |g 0.00 |o t HN 40 I8 B456T 1994 |p 11100325181 |r 2017-10-19 |t 1 |v 0.00 |y THESIS | ||
